Top 20 Words Starting with TE - Statistics

General Stats
  • This quiz has been taken 798 times
  • The average score is 11 of 20
Answer Stats
rank letters word % Correct
17 3 tea
99%
2 3 ten
97%
5 4 test
90%
1 4 tell
87%
3 4 team
86%
15 4 tear
83%
11 5 teach
68%
6 7 teacher
57%
8 10 television
53%
10 9 telephone
52%
12 10 technology
48%
14 11 temperature
47%
4 4 term
47%
9 4 text
37%
19 9 technical
35%
13 9 technique
21%
16 7 tension
21%
18 6 tenant
16%
17 9 territory
16%
20 8 tendency
11%
No matching quizzes found
Score Distribution
Percent of People with Each Score
Percentile by Number Answered
Your Score History
You have not taken this quiz